Elenca la formazione - Quiz n°55 - Statistics

Statistiche generali
  • Questo quiz è stato fatto 96 volte
  • Il punteggio medio è 6 su 11
Statistiche sulle risposte
Ruolo Nazione Calciatore % Corretto
Trequartista Italia Francesco Totti
94%
Centrocampista Bosnia ed Erzegovina Miralem Pjanić
93%
Centrocampista Italia Daniele De Rossi
92%
Attaccante Argentina / Italia Pablo Osvaldo
68%
Portiere Paesi Bassi Maarten Stekelenburg
61%
Centrocampista Grecia Vasilīs Torosidīs
42%
Trequartista Argentina Erik Lamela
38%
Centrocampista Brasile Marquinho
32%
Difensore Brasile Marquinhos
30%
Difensore Argentina Nicolás Burdisso
30%
Difensore Paraguay Iván Piris
29%
Nessun quiz corrispondente trovato
Distribuzione punteggi
Percentuale di utenti per punteggio
Percentile per numero di risposta
I tuoi punteggi nel tempo
Non hai fatto questo quiz